000 00585nam a2200241Ia 4500
003 OSt
005 20221005115615.0
006 a|||||r|||| 00| 0
007 ta
008 221004b |||||||| |||| 00| 0 tam d
024 _a52128
037 _cTextual
040 _aCRL
_cCRL
_btam
041 _2tam
_atam
082 _aV2:51xM69w, 31L0
100 _aRamamurthi
_9627833
245 0 _aChithira Gandhi
260 _c1970
300 _a66p.
_ccm.
650 _aHISTORY
942 _hV2:51xM69w, 31L0
_cTEXL
_2cc
999 _c1035360
_d1035360